| 000 | 02527nkm0a2200481 4500 | ||
|---|---|---|---|
| 001 | RU\NLR\BIBL_A\011664598 | ||
| 005 | 20260705043550.0 | ||
| 035 | _a(NLR Aleph) 011664598 | ||
| 090 |
_a13747432 _c13747432 |
||
| 100 | _a20180326d1871 u y0rusy50 ca | ||
| 101 | 0 | _arus | |
| 102 | _aRU | ||
| 116 | _aiiybxx bp zz | ||
| 135 | _acrcn 024anaba | ||
| 181 | 0 |
_ab4 _bxb2e |
|
| 182 | 0 | _an | |
| 200 | 1 |
_aИмператрица Екатерина I _e[эстамп] _fрисов. на камне В. Валькевич _bИзоматериал |
|
| 203 |
_aИзображение _bнеподвижное _bдвухмерное _bвизуальное _cнепосредственное |
||
| 210 |
_aВ Варшаве _cЛит. В. Валькевича _dценз. 1871 |
||
| 215 |
_a1 л. _cлитогр. с тоном _d13,5х10,4 ; 30,5х17,8 |
||
| 325 | _aКопия доступна в Электрон. б-ке РНБ | ||
| 327 | 1 | _aПортрет погрудный, 3/4 вправо, со скипетром. В овале | |
| 540 | 1 | _aЕкатерина I, императрица российская, портрет, погрудный, 3/4 вправо, в овале | |
| 600 | 0 |
_aЕкатерина _cимператрица российская _dI _f1684 - 1727 _jЛитографии _92074814 _3RU\NLR\AUTH\661249830 |
|
| 606 | 1 |
_aПортретная литография русская _z19 в. _92547466 _3RU\NLR\AUTH\6601720963 |
|
| 686 | _aЩ153(2Р=Рус)5-475 | ||
| 686 | _aЩ153(2Р=Рус)5-455.6 | ||
| 700 | 1 |
_aВалькевич _bВ. _fXIX в. _gВладислав _4510 |
|
| 702 | 0 |
_4570 _7ca _8rus _aЕкатерина _cимператрица российская _dI _f1684-1727 _9111332 _3RU\NLR\AUTH\771305 |
|
| 712 | 0 | 0 |
_4610 _aВалькевич, _cВаршава _gВладислав, _hлитография _9595454 _3RU\NLR\AUTH\880466715 |
| 852 | 0 | 0 |
_aNLR _bЭ _jГП/3-Е450I _mинв.№5323 |
| 856 | 0 | _uhttps://vivaldi.nlr.ru/lh700000305/view | |
| 856 | 1 | _uhttps://vivaldi.nlr.ru/lh700000305/cover | |
| 856 | 2 | _uhttps://vivaldi.nlr.ru/lh700000305/text | |
| 942 | _cVISUAL | ||
| 980 | _aNB | ||
| 981 | 2 | 2 |
_a(22) Материалы по истории России _b(22) Российский императорский дом |
| 981 | 1 | 7 |
_a(17) Изографические материалы _b(17) Портреты |